000 01050nam a22003017a 4500
001 9455
003 FISKH
005 20260113090942.0
008 260113b cb ||||| |||| 00| 0 eng d
020 _a9780545152990
040 _aFISKH
_beng
_cFISKH
_dFISKH
050 _aPZ7.C59118 J
082 _a813
100 _aClements , Andrew
245 _aThe jacket /
_cBy Andrew Clements : Illustrated By McDavid Henderson
250 _aFirst Scholastic paperback printing, February 2009
260 _aNew York :
_bScholastic ,
_c2002.
300 _a92 pages :
_billustrations ;
_c19 cm .
505 _aP
520 _aAn incident at school forces sixth grader Phil Morelli, a white boy, to become aware of racial discrimination and segregation, and to seriously consider if he himself is prejudiced.
521 8 _a640
_bLexile
521 8 _aP
_bRaz-Plus
650 _aRace relations
_vFiction
650 _aMulticultural
_vFiction
700 _aHenderson , McDavid
_eIllustrator
942 _2ddc
_cBK
_n0
999 _c9455
_d9455